00357pab a2200121 454500008004000000100002500040245007800065260000900143300001100152362001100163650002600174773003500200180718b1986 xxu||||| |||| 00| 0 eng d aBornins, Sandford F. aManagement of the public sector in JapanbAre there lessons to be learned c1986 a175-96 aSummer aCivil service - Japan aCanadian Public Administration